Cognitive interference : theories, methods, and findings (Record no. 132165)

MARC details
000 -LEADER
fixed length control field 00802nam a2200253Ia 4500
008 - FIXED-LENGTH DATA ELEMENTS--GENERAL INFORMATION
fixed length control field 191130s1996##################000#0#eng##
020 ## - INTERNATIONAL STANDARD BOOK NUMBER
ISBN 805816240
082 ## - DEWEY DECIMAL CLASSIFICATION NUMBER
Classification number 153 SAR
245 ## - TITLE STATEMENT
Title Cognitive interference : theories, methods, and findings
Statement of responsibility, etc edited by Irwin G. Sarason, Gregory R. Pierce, Barbara R. Sarason
260 ## - PUBLICATION, DISTRIBUTION, ETC. (IMPRINT)
Place of publication Mahwah, N.J
Name of publisher Erlbaum
Year of publication 1996
300 ## - PHYSICAL DESCRIPTION
Number of Pages xii, 441 p. : ill. ; 24 cm
500 ## - GENERAL NOTE
General note Includes bibliographical references and indexes
650 ## - SUBJECT ADDED ENTRY--TOPICAL TERM
Topical Term Cognition
Topical Term Cognitive psychology
Topical Term Interference (Perception)
700 ## - ADDED ENTRY--PERSONAL NAME
Personal name Pierce, Gregory R
Personal name Sarason, Barbara R
Personal name Sarason, Irwin G
991 ## -
-- 223683
Holdings
Withdrawn status Lost status Damaged status Not for loan Home library Current library Shelving location Date acquired Full call number Accession Number Price effective from Koha item type
        Anna Centenary Library Anna Centenary Library 3RD FLOOR, A WING 12.10.2020 153 SAR 191128 12.10.2020 English Books

Find us on the map